La carrière de Rony Lopes - Statistiques

Statistiques générales
  • Ce quiz a été pris 15 fois
    2 depuis la dernière actualisation
  • Le résultat moyen est 3 sur 12
Statistiques - réponses
Année Match But Club % Correct
2015 - 2019 81 21 AS Monaco
100%
-> 2014 - 2015 27 3 LOSC Lille
50%
-> 2016 - 2017 29 6 LOSC Lille
50%
2013 - 2015 5 1 Manchester City
50%
2019 - 2023 14 0 Séville FC
50%
2024 - 2025 18 1 Alanyaspor
0%
2025 - actuel 4 0 CD Tondela
0%
-> 2022 - 2023 32 7 ESTAC Troyes
0%
-> 2020 - 2021 33 5 OGC Nice
0%
-> 2021 - 2022 27 4 Olympiakos
0%
2023 - 2024 32 4 SC Braga
0%
-> 2025 14 1 SC Farense
0%
Aucun quiz correspondant
Distribution des résultats
% des personnes avec chaque résultat
Percentile par nombre de réponses
Votre historique - résultats
Vous n’avez pas pris ce quiz depuis la dernière actualisation